|
|
|
|
| LEADER |
01000nam a2200265 a 4500 |
| 001 |
6126 |
| 003 |
BD-DhAAL |
| 008 |
150827s1994 nyua b 000 0 eng d |
| 020 |
|
|
|a 0195100239
|
| 020 |
|
|
|a 0195100220
|
| 040 |
|
|
|a RNA
|c RNA
|d ICD
|d BD-DhAAL
|
| 082 |
0 |
0 |
|a 338.9005
|2 21
|
| 245 |
0 |
0 |
|a Human development report 1995 /
|c United Nations Development Programme.
|
| 260 |
|
|
|a New York :
|b Oxford University Press for the (UNDP),
|c 1995.
|
| 300 |
|
|
|a x, 230 p. :
|b ill.(some col.);
|c 28 cm.
|
| 504 |
|
|
|a Bibliography: p. 111-116.
|
| 541 |
1 |
|
|e 6126
|
| 650 |
|
0 |
|a Economic development
|x Social aspects.
|9 6350
|
| 650 |
|
0 |
|a Human capital.
|9 14231
|
| 650 |
|
0 |
|a Manpower policy
|z Developing countries.
|9 14232
|
| 651 |
|
0 |
|a Developing countries.
|9 14233
|
| 710 |
2 |
|
|a United Nations Development Programme.
|9 14234
|
| 942 |
|
|
|2 ddc
|c BK
|
| 999 |
|
|
|c 35374
|d 35374
|
| 952 |
|
|
|0 0
|1 0
|2 ddc
|4 0
|6 338_900500000000000_HUM
|7 0
|9 55602
|a SCL
|b SCL
|c GEN
|d 2015-08-27
|g 500.00
|l 0
|o 338.9005 HUM
|p 3020006126
|r 2015-08-27
|t 1
|w 2015-08-27
|y BK
|